En el país de las maravillas : relatividad y cuantos /

Gardado en:
Detalles Bibliográficos
Autor Principal: Gamow, George (autor)
Formato: Libro
Idioma:Lingua castelá
Publicado: México : Fondo de Cultura Económica, 1958, c1958
Series:(Breviarios ; 134A)
Temas:
Etiquetas: Engadir etiqueta
Sen Etiquetas, Sexa o primeiro en etiquetar este rexistro!

MARC

LEADER 00000nam^a2200000^a^4500
001 000276593
005 20250521000000.0
009 20260310111307.455
037 |a Acervo Xavier Clavigero 
041 |a ESP 
082 |a 082.  |b BRE V. 134A 
100 |a Gamow, George  |e (autor) 
245 1 0 |a En el país de las maravillas :  |b relatividad y cuantos /  |c G. Gamow ; tr. por Juan Almela Castell. 
264 4 |a México :  |b Fondo de Cultura Económica,  |c 1958, c1958 
300 |a 116 p. 
336 |a texto  |b txt  |2 rdacontenido 
337 |a sin mediación  |b n  |2 rdamedio 
338 |a volumen  |b nc  |2 rdasoporte 
440 1 |a (Breviarios ;  |v 134A) 
500 |a Traducción de: Mr. Tompkins in Wonderland 
649 |a XX 
650 |a Espacio y Tiempo 
650 |a Relatividad (Física) -  |x Tema Principal 
650 |a Mecánica Cuántica -  |x Tema Principal 
650 |a Física -  |x Teoría 
650 |a Ciencia -  |x Difusión 
910 |a Fondo General 
920 |a Impresos - Libros 
930 |a Colección General 
905 |a 101 
901 |a 064363  |b IT1  |c ACC  |u 20250521 
902 |a https://opac.biblio.iteso.mx/vufind/Record/000276593